000 00536nam a2200205 a 4500
001 11217
003 CO-ViMGA
008 141112s2004 ck r 000 u spa d
020 _a9800103333
040 _aCO-ViMGA
_bspa
_cCO-ViMGA
082 0 4 _aV863.5 U71s
100 1 _aUrbaneja Achelpolh, Luis Manuel
_915627
245 1 0 _aSelección de cuentos
250 _a3
260 _aCaracas,
_cMonte Avila editores,
_c1990
300 _a170 p.
490 _aColección el dorado
650 1 4 _aCUENTOS VENEZOLANOS
_950149
942 _2ddc
_cBK
999 _c22427
_d22427